书目信息 |
| 题名: |
新大学日语阅读与写作(1.2)教学参考书
|
|
| 作者: | 陈俊总主编 , 翟东娜 主编 | |
| 分册: | ||
| 出版信息: | 北京 高等教育出版社 2002.06 |
|
| 页数: | 270页 | |
| 开本: | 26cm | |
| 丛书名: | ||
| 单 册: | ||
| 中图分类: | H36-42 | |
| 科图分类: | ||
| 主题词: | 日语 | |
| 电子资源: | ||
| ISBN: | 7-04-011063-6 | |
| 000 | 00693nam0 2200205 450 | |
| 001 | 0537188372 | |
| 005 | 20050330102128.20 | |
| 010 | @a7-04-011063-6@dCNY 27.90 | |
| 100 | @a20050330d2002 km y0chiy0120 ea | |
| 101 | 0 | @achi |
| 102 | @aCN@b110000 | |
| 200 | 1 | @a新大学日语阅读与写作(1.2)教学参考书@Axin da xue ri yu yue du yu xie zuo(1.2)jiao xue can kao shu@f陈俊总主编,翟东娜主编@Fchen jun zong zhu bian,zhai dong na zhu bian |
| 210 | @a北京@c高等教育出版社@d2002.06 | |
| 215 | @a270页@d26cm | |
| 606 | 0 | @a日语 |
| 690 | @aH36-42@v3 | |
| 701 | 0 | @a陈俊总主编@Achen jun zong zhu bian@4主编 |
| 701 | 0 | @a翟东娜@Azhai dong na@4主编 |
| 801 | 0 | @aCN@bPFT@c20050330 |
| 905 | @a10447@dH36-42@eC470 | |
| 新大学日语阅读与写作(1.2)教学参考书/陈俊总主编,翟东娜主编.-北京:高等教育出版社,2002.06 |
| 270页;26cm |
| ISBN 7-04-011063-6:CNY 27.90 |
| ● |
| 相关链接 |
|
|
|
正题名:新大学日语阅读与写作(1.2)教学参考书
索取号:H36-42/C470
 
预约/预借
| 序号 | 登录号 | 条形码 | 馆藏地/架位号 | 状态 | 备注 |
| 1 | 439962 | 204399622 | 语言库209/209语言库 125排2列5层/ [索取号:H36-42/C470] | 在馆 | |
| 2 | 439963 | 204399631 | 语言库209/209语言库 125排2列5层/ [索取号:H36-42/C470] | 在馆 | |
| 3 | 439964 | 204399640 | 语言库209/209语言库 125排2列5层/ [索取号:H36-42/C470] | 在馆 |